[Event "52nd Biel Master Open"]
[Site "Biel SUI"]
[Date "2019.07.22"]
[Round "1.2"]
[White "Nabaty, Tamir"]
[Black "Donchenko, Anatoly"]
[Result "1-0"]
[WhiteTitle "GM"]
[BlackTitle "IM"]
[WhiteElo "2678"]
[BlackElo "2249"]
[WhiteFideId "2809052"]
[BlackFideId "4106091"]
[EventDate "2019.07.22"]

1. d4 d5 2. Nf3 Nf6 3. Bf4 c5 4. e3 e6 5. Nbd2 Nc6 6. c3 Bd6 7. Bg3 O-O 8. Bb5
Ne7 9. Bd3 Qc7 10. Qe2 Rb8 11. dxc5 Qxc5 12. O-O-O Ng6 13. Bxg6 fxg6 14. e4 Nh5
15. Nb3 Qb6 16. Bxd6 Qxd6 17. g3 Qa6 18. Qxa6 bxa6 19. Ne5 Rxf2 20. Nc6 Rb7 21.
exd5 exd5 22. Rxd5 Bd7 23. Ne5 Nf6 24. Rd2 Rxd2 25. Nxd2 g5 26. Re1 Ng4 27. Nxd7
Rxd7 28. Re2 Kf7 29. Kc2 h5 30. c4 Kf6 31. b4 Ne5 32. c5 g4 33. Re3 Rd4 34. Kc3
Rd8 35. Ne4+ Kf5 36. Nd6+ 1-0

[Event "52nd Biel Master Open"]
[Site "Biel SUI"]
[Date "2019.07.22"]
[Round "1.4"]
[White "Salem, A.R. Saleh"]
[Black "Zemach, Roee"]
[Result "1-0"]
[WhiteTitle "GM"]
[WhiteElo "2672"]
[BlackElo "2243"]
[WhiteFideId "9301348"]
[BlackFideId "2818531"]
[EventDate "2019.07.22"]

1. Nf3 Nf6 2. c4 e6 3. d4 d5 4. Nc3 Be7 5. Bg5 O-O 6. e3 h6 7. Bh4 b6 8. Rc1 Bb7
9. Be2 Nbd7 10. cxd5 exd5 11. O-O c5 12. Qa4 a6 13. dxc5 Nxc5 14. Qd1 Re8 15.
Rc2 Rc8 16. Nd4 Nfe4 17. Bxe7 Qxe7 18. Bg4 Rcd8 19. Nce2 a5 20. Nf4 g6 21. Be2
Qf6 22. Bb5 Re7 23. b3 Rc7 24. Qe2 Nd6 25. Bd3 Nde4 26. Rfc1 Re7 27. Bb5 Nd6 28.
Bc6 Nf5 29. Nxf5 Qxf5 30. Qb5 Rc8 31. Nxd5 Re6 32. Bxb7 Rb8 33. Bc6 Nd3 34. e4
Nxc1 35. exf5 Re1+ 36. Qf1 Rxf1+ 37. Kxf1 1-0

[Event "52nd Biel Master Open"]
[Site "Biel SUI"]
[Date "2019.07.22"]
[Round "1.5"]
[White "Dauletova, Gulmira"]
[Black "Jumabayev, Rinat"]
[Result "0-1"]
[WhiteTitle "WIM"]
[BlackTitle "GM"]
[WhiteElo "2243"]
[BlackElo "2633"]
[WhiteFideId "13702971"]
[BlackFideId "13702661"]
[EventDate "2019.07.22"]

1. e4 c5 2. Nf3 d6 3. d4 cxd4 4. Nxd4 Nf6 5. Nc3 Nc6 6. f3 e6 7. Be3 a6 8. Qd2
h5 9. Be2 Bd7 10. a4 Rc8 11. Nxc6 Bxc6 12. O-O Be7 13. a5 d5 14. exd5 Nxd5 15.
Nxd5 Qxd5 16. c4 Qe5 17. Qd4 Qf6 18. Qxf6 gxf6 19. Rfd1 h4 20. h3 Rh5 21. Bf2
Bb4 22. Be1 Bc5+ 23. Bf2 Be7 24. Be1 Bc5+ 25. Bf2 Bb4 26. Be1 Bxe1 27. Rxe1 Rd8
28. Red1 Rxd1+ 29. Bxd1 f5 30. Be2 f4 31. Kf2 Kd7 32. b4 Kc7 33. Rd1 Bd7 34. Bf1
Rg5 35. Rd4 e5 36. Re4 f6 37. Re1 Rg8 38. Rd1 Re8 39. Bd3 f5 40. Re1 Kd6 41. Rd1
Ke7 42. Rb1 Kf6 43. b5 e4 44. Be2 e3+ 45. Ke1 Rg8 46. bxa6 bxa6 47. Rb6+ Ke5 48.
Bf1 Rd8 49. c5 Ba4 50. Rb1 Rd2 51. Rc1 Bc6 52. Ra1 Rf2 53. Ra3 Kd4 54. Rb3 Kxc5
55. Bxa6 Rxg2 56. Bf1 Ra2 57. Bd3 Rxa5 58. Bxf5 Bxf3 59. Rb1 Kd4 60. Be6 Rg5 61.
Bg4 Bxg4 62. Rb4+ Ke5 0-1

[Event "52nd Biel Master Open"]
[Site "Biel SUI"]
[Date "2019.07.23"]
[Round "2.1"]
[White "Xiong, Jeffery"]
[Black "Notkevich, Benjamin Arvola"]
[Result "1-0"]
[WhiteTitle "GM"]
[BlackTitle "GM"]
[WhiteElo "2691"]
[BlackElo "2497"]
[WhiteFideId "2047640"]
[BlackFideId "1506536"]
[EventDate "2019.07.22"]

1. e4 e6 2. d4 d5 3. Nc3 Bb4 4. Ne2 dxe4 5. a3 Be7 6. Nxe4 Nf6 7. Nxf6+ Bxf6 8.
Be3 b6 9. Nf4 Bb7 10. Nh5 Nd7 11. Qg4 g6 12. Nxf6+ Nxf6 13. Qh4 Nd5 14. Bg5 f6
15. Bd2 Qd7 16. O-O-O O-O-O 17. Bc4 Qc6 18. b3 Kb8 19. Rhe1 b5 20. Bxd5 Qxd5 21.
Qxf6 Rhf8 22. Qh4 Qxd4 23. Qxd4 Rxd4 24. f3 Rfd8 25. Rxe6 g5 26. Re2 g4 27. f4
h5 28. Rde1 h4 29. f5 Bc6 30. f6 Rf8 31. Re7 Bxg2 32. Re8+ Rd8 33. Rxd8+ Rxd8
34. f7 Bc6 35. Bh6 g3 36. h3 1-0

[Event "52nd Biel Master Open"]
[Site "Biel SUI"]
[Date "2019.07.23"]
[Round "2.2"]
[White "Vishnu Prasanna, V"]
[Black "Nabaty, Tamir"]
[Result "0-1"]
[WhiteTitle "GM"]
[BlackTitle "GM"]
[WhiteElo "2505"]
[BlackElo "2678"]
[WhiteFideId "5030692"]
[BlackFideId "2809052"]
[EventDate "2019.07.22"]

1. e4 e5 2. Nf3 Nc6 3. Bb5 a6 4. Ba4 Bc5 5. O-O d6 6. d4 exd4 7. Nxd4 Ne7 8. c3
O-O 9. Bg5 Ne5 10. Nd2 h6 11. Bh4 N5g6 12. Bg3 f5 13. exf5 Nxf5 14. Qe2 Bxd4 15.
cxd4 Nxd4 16. Qc4+ Ne6 17. Bb3 Kh8 18. f4 Nh4 19. Rae1 Nc5 20. Bxh4 Qxh4 21. Bc2
Bd7 22. a4 b5 23. Qd4 bxa4 24. Ne4 Ne6 0-1

[Event "52nd Biel Master Open"]
[Site "Biel SUI"]
[Date "2019.07.23"]
[Round "2.4"]
[White "Harika, Dronavalli"]
[Black "Salem, A.R. Saleh"]
[Result "1/2-1/2"]
[WhiteTitle "GM"]
[BlackTitle "GM"]
[WhiteElo "2492"]
[BlackElo "2672"]
[WhiteFideId "5015197"]
[BlackFideId "9301348"]
[EventDate "2019.07.22"]

1. e4 c5 2. Nf3 Nc6 3. Bb5 e6 4. O-O Nge7 5. d4 cxd4 6. Nxd4 Ng6 7. Be3 Be7 8.
Be2 O-O 9. c4 Nxd4 10. Qxd4 b6 11. Nc3 Bf6 12. Qd2 Bb7 13. f3 Be5 14. Rad1 Qc7
15. g3 Bxc3 16. Qxc3 f5 17. exf5 Rxf5 18. Qd4 Bc6 19. Bd3 Rf7 20. Be4 Raf8 21.
Bxc6 Qxc6 22. f4 h5 23. h4 Ne7 24. Qxd7 Qxc4 25. Qd3 Qxa2 26. Qe2 Nf5 27. Bf2
Nh6 28. Rfe1 Ng4 29. Bd4 Qb3 30. Rd3 Qc4 31. Rd2 Qb3 32. Rd3 Qc4 33. Rd2 Qxe2
34. Rdxe2 Rd8 35. Bc3 Rd3 36. Kg2 Nh6 37. Rxe6 Kh7 38. R6e3 Rdd7 39. Kh3 Ng4 40.
R3e2 Kg6 41. Re8 Nh6 42. R8e6+ Kh7 43. R6e3 Nf5 44. Rf3 Rd6 45. Rg1 Rfd7 46. Re1
Rd3 47. Kg2 Kg6 48. Re5 Rxf3 49. Kxf3 Rd3+ 50. Kf2 Rd7 51. g4 hxg4 1/2-1/2

[Event "52nd Biel Master Open"]
[Site "Biel SUI"]
[Date "2019.07.23"]
[Round "2.5"]
[White "Jumabayev, Rinat"]
[Black "Akash Pc, Iyer"]
[Result "1-0"]
[WhiteTitle "GM"]
[BlackTitle "IM"]
[WhiteElo "2633"]
[BlackElo "2441"]
[WhiteFideId "13702661"]
[BlackFideId "5006775"]
[EventDate "2019.07.22"]

1. e4 c5 2. Nf3 Nc6 3. Nc3 e5 4. Bc4 d6 5. d3 Be7 6. Nd2 Nf6 7. Nf1 a6 8. a4 Bg4
9. f3 Be6 10. Ne3 O-O 11. O-O Nb4 12. Re1 Rb8 13. Bd2 Re8 14. a5 g6 15. Kh1 Bf8
16. Qe2 Bg7 17. Qf2 Rc8 18. Ncd5 Nbxd5 19. exd5 Bd7 20. Rab1 Rc7 21. b4 cxb4 22.
Rxb4 Bc8 23. Rb6 Bf8 24. Bb4 Be7 25. Qd2 Rf8 26. Bb3 Rd7 27. Qc3 Ne8 28. Ba4 Nc7
29. Bxd7 Qxd7 30. Qa3 Rd8 31. Bd2 Nb5 32. Qa2 Bh4 33. Rf1 Be7 34. c4 Nd4 35. Bc3
Re8 36. Rbb1 Bg5 37. Qf2 Qa4 38. Rfe1 Qa3 39. Bxd4 exd4 40. Nc2 Rxe1+ 41. Rxe1
Qa4 42. Qxd4 Bd2 43. Re7 Bg5 44. Re2 Bf5 45. h4 Bd8 46. c5 Qd7 47. cxd6 1-0

[Event "52nd Biel Master Open"]
[Site "Biel SUI"]
[Date "2019.07.23"]
[Round "2.6"]
[White "Drozdowski, Kacper"]
[Black "Iturrizaga Bonelli, Eduardo"]
[Result "1/2-1/2"]
[WhiteTitle "IM"]
[BlackTitle "GM"]
[WhiteElo "2485"]
[BlackElo "2625"]
[WhiteFideId "1136720"]
[BlackFideId "3901211"]
[EventDate "2019.07.22"]

1. e4 c5 2. Nf3 e6 3. d4 cxd4 4. Nxd4 a6 5. Bd3 Qc7 6. Qe2 d6 7. O-O g6 8. c4
Bg7 9. Nf3 Nf6 10. Bf4 Nh5 11. Bg5 Nd7 12. Nc3 Bxc3 13. bxc3 e5 14. Bh6 Nc5 15.
Bc2 Be6 16. Nd4 Bd7 17. Nb3 Ne6 18. g3 O-O-O 19. Be3 Bc6 20. Rfd1 Nhg7 21. c5 d5
22. exd5 Rxd5 23. Rxd5 Bxd5 24. Rd1 Rd8 25. Rxd5 Rxd5 26. Be4 Rd8 27. c6 bxc6
28. Qxa6+ Qb7 29. Qxb7+ Kxb7 30. Na5+ Kc7 31. Nxc6 Rd1+ 32. Kg2 Nf5 33. Bxf5
Kxc6 34. Bxe6 fxe6 35. Kf3 Kd5 36. Kg4 Rd3 37. Kg5 Rxc3 38. a4 Ra3 39. Kh6 Ke4 1/2-1/2

[Event "52nd Biel Master Open"]
[Site "Biel SUI"]
[Date "2019.07.23"]
[Round "2.8"]
[White "Martirosyan, Haik M."]
[Black "Sankalp, Gupta"]
[Result "1-0"]
[WhiteTitle "GM"]
[WhiteElo "2619"]
[BlackElo "2416"]
[WhiteFideId "13306553"]
[BlackFideId "5097010"]
[EventDate "2019.07.22"]

1. d4 Nf6 2. Nf3 e6 3. c4 d5 4. Nc3 a6 5. cxd5 exd5 6. Bg5 Be6 7. e3 Nbd7 8. Bd3
h6 9. Bf4 g5 10. Bg3 Nh5 11. Qc2 Nxg3 12. hxg3 g4 13. Ng1 Bd6 14. Nge2 Nf6 15.
O-O-O Qe7 16. Kb1 O-O-O 17. Rc1 Kb8 18. Na4 Ne4 19. Bxe4 dxe4 20. Nc5 Bc8 21.
Ka1 Rde8 22. Nc3 f5 23. Nd5 Qf7 24. Nf4 b6 25. Na4 h5 26. Rh4 Rh6 27. Nc3 Reh8
28. Nce2 a5 29. Rhh1 Ba6 30. Rhd1 h4 31. gxh4 Rxh4 32. d5 Rh2 33. Nd4 Rc8 34.
Qc3 Ka8 35. Nc6 Bb7 36. Rd4 Rch8 37. Ne6 Rh1 38. Rdd1 R1h2 39. Ne5 Qh7 40. Nc4
Rc8 41. Nxd6 cxd6 42. Qe1 Rxc1+ 43. Rxc1 Rxg2 44. Nc7+ Kb8 45. Nb5 Qd7 46. Qh1
Qxb5 47. Qxg2 Qxd5 48. Qg1 Qe5 49. Rd1 Kc7 50. Kb1 Kb8 51. Qg3 Qxg3 52. fxg3 Kc7
53. Kc2 Kc6 54. Kc3 Kc5 55. a3 a4 56. Rh1 Bc8 57. Rh7 Kc6 58. Kd4 b5 59. Kc3 Be6
60. Kb4 Bd7 61. Re7 Bc8 62. Ra7 Kb6 63. Rh7 Kc6 64. Rh1 Be6 65. Rh2 Bd7 66. Ka5
Be6 67. Rc2+ Bc4 68. Kb4 Kb6 69. Rh2 Kc6 70. Rh6 Kd5 71. Rf6 Ke5 72. Rf8 Be2 73.
Ka5 Kd5 74. Kb4 Ke5 75. b3 axb3 76. Kxb3 Bc4+ 77. Kb4 Bf1 78. Ka5 d5 79. Rd8 Ke6
80. Kb4 Bc4 81. Kc3 Ke7 82. Rb8 f4 83. gxf4 g3 84. Rb6 Kf7 85. f5 g2 86. Rg6
g1=Q 87. Rxg1 Kf6 88. Kd4 Kxf5 89. Kc5 Kf6 90. Rg3 Kf5 91. Rg7 Kf6 92. Rd7 Ke5
93. Rd8 Ke6 94. Kd4 Bb3 95. Rb8 Bc4 96. Rb6+ Kf5 97. Rd6 1-0

[Event "52nd Biel Master Open"]
[Site "Biel SUI"]
[Date "2019.07.23"]
[Round "2.11"]
[White "Gopal, G.N."]
[Black "Morawietz, Dieter"]
[Result "1-0"]
[WhiteTitle "GM"]
[BlackTitle "IM"]
[WhiteElo "2594"]
[BlackElo "2405"]
[WhiteFideId "5015693"]
[BlackFideId "4603508"]
[EventDate "2019.07.22"]

1. e4 e6 2. d4 d5 3. Nd2 Be7 4. Ngf3 Nf6 5. e5 Nfd7 6. Bd3 c5 7. c3 b6 8. O-O
cxd4 9. cxd4 Ba6 10. Ne1 Bxd3 11. Nxd3 Nc6 12. Qg4 g6 13. Nf3 h5 14. Qg3 Nf8 15.
Be3 Nh7 16. Rac1 Rc8 17. h4 Qd7 18. Rc3 Nb4 19. Nxb4 Bxb4 20. Rxc8+ Qxc8 21. Rc1
Qd7 22. Bh6 Be7 23. Qf4 Rg8 24. Rc3 Qb7 25. a3 b5 26. b4 a5 27. bxa5 Bd8 28. Ng5
Nxg5 29. Bxg5 Bxg5 30. Qxg5 Kd7 31. Rf3 Rf8 32. Qd2 Kc8 33. Qb4 Rd8 34. a4 bxa4
35. Qxa4 Qb1+ 36. Kh2 Rd7 37. a6 Qb6 38. Rb3 1-0

[Event "52nd Biel Master Open"]
[Site "Biel SUI"]
[Date "2019.07.23"]
[Round "2.12"]
[White "Petrosyan, Manuel"]
[Black "Lee, Jun Hyeok"]
[Result "1-0"]
[WhiteTitle "GM"]
[BlackTitle "FM"]
[WhiteElo "2592"]
[BlackElo "2383"]
[WhiteFideId "13300857"]
[BlackFideId "13202340"]
[EventDate "2019.07.22"]

1. d4 Nf6 2. c4 b6 3. Nf3 Bb7 4. Nc3 e6 5. a3 Ne4 6. Nxe4 Bxe4 7. Bf4 d6 8. e3
Be7 9. Bd3 Bxd3 10. Qxd3 a5 11. b3 Nd7 12. e4 O-O 13. O-O Qc8 14. Be3 Re8 15.
Nd2 e5 16. d5 Qd8 17. g3 Bg5 18. f4 exf4 19. gxf4 Bh6 20. Bd4 Qh4 21. Qg3 Qh5
22. Rae1 f5 23. Kh1 g6 24. Bb2 Kf7 25. Qc3 Qh4 26. Nf3 Qxf4 27. Bc1 Bg7 28.
Qxg7+ Kxg7 29. Bxf4 1-0

[Event "52nd Biel Master Open"]
[Site "Biel SUI"]
[Date "2019.07.23"]
[Round "2.17"]
[White "Brkic, Ante"]
[Black "Loeffler, Markus"]
[Result "1-0"]
[WhiteTitle "GM"]
[BlackTitle "IM"]
[WhiteElo "2573"]
[BlackElo "2339"]
[WhiteFideId "14506688"]
[BlackFideId "4604822"]
[EventDate "2019.07.22"]

1. e4 c5 2. Nf3 d6 3. Bb5+ Nd7 4. a4 a6 5. Be2 Ngf6 6. Nc3 e5 7. Bc4 Be7 8. d3
O-O 9. O-O b6 10. Nh4 g6 11. Bh6 Re8 12. f4 exf4 13. Bxf4 Ne5 14. Bxe5 dxe5 15.
Nf3 Bf8 16. Ng5 Ra7 17. Qf3 Kg7 18. Rf2 h6 19. Raf1 hxg5 1-0

[Event "52nd Biel Master Open"]
[Site "Biel SUI"]
[Date "2019.07.24"]
[Round "3.2"]
[White "Nabaty, Tamir"]
[Black "Brkic, Ante"]
[Result "0-1"]
[WhiteTitle "GM"]
[BlackTitle "GM"]
[WhiteElo "2678"]
[BlackElo "2573"]
[WhiteFideId "2809052"]
[BlackFideId "14506688"]
[EventDate "2019.07.22"]

1. d4 Nf6 2. Nf3 d5 3. a3 g6 4. c4 c6 5. cxd5 cxd5 6. Nc3 Bg7 7. Bf4 O-O 8. e3
Nc6 9. Bd3 Bg4 10. O-O Re8 11. Bg5 h6 12. Bxf6 Bxf6 13. Qb3 Bxf3 14. gxf3 e5 15.
Nxd5 Bg7 16. Qxb7 Na5 17. Qa6 Re6 18. Qb5 Rb8 19. Qc5 Nb3 20. Qc7 Nxa1 21. Rxa1
Qg5+ 22. Kf1 Rxb2 23. Qc8+ Kh7 24. Qc1 exd4 25. e4 Qd2 26. Qxd2 Rxd2 27. Nb4 Bf8
28. Bc4 Bxb4 29. axb4 Re7 30. b5 Rb2 31. Ra4 Rc7 32. f4 Rc2 33. Bd5 d3 34. Rd4
R2c3 35. h4 h5 36. Kg2 Kg7 37. Kf3 Rc2 38. Bc6 Rc3 39. Ke3 a6 40. Rxd3 Rxd3+ 41.
Kxd3 axb5 42. Bxb5 Rc1 43. Ke3 Rh1 44. Bd7 Rxh4 45. e5 Kf8 46. Kf3 Ke7 47. Bc8
Rh1 48. Kg3 Rg1+ 49. Kh4 Rc1 50. Bb7 Ke6 51. Be4 Rg1 52. f3 g5+ 53. fxg5 Kxe5
54. Kxh5 Kf4 55. Kh6 Rxg5 56. Bb7 f5 57. Bc6 Rg3 58. Bd7 Rxf3 59. Kg6 Ke5 0-1

[Event "52nd Biel Master Open"]
[Site "Biel SUI"]
[Date "2019.07.24"]
[Round "3.4"]
[White "Santos Ruiz, Miguel"]
[Black "Jumabayev, Rinat"]
[Result "1/2-1/2"]
[WhiteTitle "GM"]
[BlackTitle "GM"]
[WhiteElo "2567"]
[BlackElo "2633"]
[WhiteFideId "22291482"]
[BlackFideId "13702661"]
[EventDate "2019.07.22"]

1. d4 Nf6 2. c4 g6 3. g3 Bg7 4. Bg2 O-O 5. Nf3 d5 6. cxd5 Nxd5 7. O-O Nb6 8. Nc3
Nc6 9. e3 Re8 10. h3 a5 11. d5 Nb4 12. e4 c6 13. a3 Na6 14. dxc6 Qxd1 15. Rxd1
bxc6 16. Bf1 Bxc3 17. bxc3 Na4 18. Ne5 N6c5 19. Bc4 Be6 20. Bxe6 Nxe6 21. Nxc6
Ra6 22. Nd4 Nxc3 23. Nxe6 Rxe6 24. Rd7 Nxe4 25. Ra7 Rc8 26. Kg2 f6 27. Rxa5 Nd6
28. Bf4 Nc4 29. Rb5 g5 30. Bc1 Re1 31. a4 Rd1 32. Rbb1 Kf7 33. Kf3 h5 34. Be3
Nxe3 35. Rxd1 Nxd1 36. Rxd1 Rc3+ 37. Kg2 Ra3 1/2-1/2

[Event "52nd Biel Master Open"]
[Site "Biel SUI"]
[Date "2019.07.24"]
[Round "3.5"]
[White "Puranik, Abhimanyu"]
[Black "Martirosyan, Haik M."]
[Result "1/2-1/2"]
[WhiteTitle "GM"]
[BlackTitle "GM"]
[WhiteElo "2550"]
[BlackElo "2619"]
[WhiteFideId "5061245"]
[BlackFideId "13306553"]
[EventDate "2019.07.22"]

1. e4 e6 2. d4 d5 3. e5 c5 4. c3 Nc6 5. Nf3 Qb6 6. a3 c4 7. Nbd2 Na5 8. g3 h6 9.
Bg2 Bd7 10. O-O Ne7 11. Rb1 Qc7 12. Re1 O-O-O 13. Qe2 Ba4 14. Nf1 Kb8 15. h4 Nc8
16. Ne3 Be7 17. Bh3 Nb3 18. Ng2 Nxc1 19. Rbxc1 Nb6 20. Bg4 Qc6 21. Qd2 Qe8 22.
Nh2 Rc8 23. Rf1 Qg8 24. Bd1 Qh7 25. Bxa4 Nxa4 26. Rb1 Rc6 27. f4 Qd3 28. Qxd3
cxd3 29. Ne3 Rb6 30. c4 dxc4 31. Nxc4 Rb3 32. Nf3 Rc8 33. Nfd2 Rb5 34. Kf2 Rd5
35. Ke3 b5 36. Na5 Bd8 37. Nab3 Bb6 38. Nf3 Rc2 39. Rf2 b4 40. axb4 Rb5 41. Rxc2
dxc2 42. Rc1 Rxb4 43. Nfd2 Nxb2 1/2-1/2

[Event "52nd Biel Master Open"]
[Site "Biel SUI"]
[Date "2019.07.24"]
[Round "3.6"]
[White "Donchenko, Alexander"]
[Black "Bellahcene, Bilel"]
[Result "1-0"]
[WhiteTitle "GM"]
[BlackTitle "GM"]
[WhiteElo "2615"]
[BlackElo "2541"]
[WhiteFideId "24603295"]
[BlackFideId "696358"]
[EventDate "2019.07.22"]

1. c4 Nf6 2. g3 e6 3. Bg2 d5 4. Nf3 dxc4 5. Qa4+ c6 6. Qxc4 b5 7. Qc2 Bb7 8. a4
Nbd7 9. O-O a6 10. Nc3 Be7 11. d4 c5 12. axb5 axb5 13. Rxa8 Qxa8 14. dxc5 Bxc5
15. Nxb5 O-O 16. Nc3 Rc8 17. Qa4 Ba7 18. Qb4 Ne5 19. Ne1 Bxg2 20. Nxg2 Neg4 21.
h3 Nxf2 22. Rxf2 Ne4 23. Be3 Nxf2 24. Kxf2 Bb8 25. Qe4 Qa5 26. Nf4 h6 27. h4 Ba7
28. Nd3 Bb8 29. Kg2 Rd8 30. Qg4 Kh7 31. Qf3 Kg8 32. Ne4 Qd5 33. Nec5 Qc4 34. b4
Rd5 35. Qe4 Qb5 36. Bf2 Qc6 37. Kh2 g5 38. hxg5 hxg5 39. Kg1 Bd6 40. Qh1 Be7 41.
Bd4 f6 42. Qe4 e5 43. b5 Qd6 44. Bf2 Kg7 45. b6 Bd8 46. b7 Bc7 47. Qc4 Qc6 1-0

[Event "52nd Biel Master Open"]
[Site "Biel SUI"]
[Date "2019.07.24"]
[Round "3.7"]
[White "Shchekachev, Andrei"]
[Black "Erdos, Viktor"]
[Result "0-1"]
[WhiteTitle "GM"]
[BlackTitle "GM"]
[WhiteElo "2531"]
[BlackElo "2603"]
[WhiteFideId "4107730"]
[BlackFideId "719978"]
[EventDate "2019.07.22"]

1. Nf3 Nf6 2. c4 g6 3. Nc3 d5 4. cxd5 Nxd5 5. Qb3 Nb6 6. d4 Bg7 7. Bf4 Be6 8.
Qa3 c5 9. Qxc5 Nc6 10. e3 Rc8 11. Qa3 O-O 12. Be2 Nc4 13. Qa4 Nxb2 14. Qb5 Qb6
15. Qxb6 axb6 16. Kd2 Nc4+ 17. Bxc4 Bxc4 18. Rhc1 b5 19. Rab1 b4 20. Na4 Bxa2
21. Rb2 b3 22. Nb6 Rcd8 23. Ke2 Rfe8 24. Rc5 e5 25. Bxe5 f6 26. Bc7 Nxd4+ 27.
Nxd4 Rxd4 28. f4 Bf8 29. Rb5 Ba3 30. R2xb3 Bxb3 31. Rxb3 Bc5 32. Kf3 Rb4 33.
Rxb4 Bxb4 34. Nd5 Be7 35. Bb6 Kf7 36. e4 Rc8 0-1

[Event "52nd Biel Master Open"]
[Site "Biel SUI"]
[Date "2019.07.24"]
[Round "3.8"]
[White "Tabatabaei, M.amin"]
[Black "Mastrovasilis, Athanasios"]
[Result "0-1"]
[WhiteTitle "GM"]
[BlackTitle "GM"]
[WhiteElo "2601"]
[BlackElo "2518"]
[WhiteFideId "12521213"]
[BlackFideId "4201990"]
[EventDate "2019.07.22"]

1. Nf3 d5 2. g3 c6 3. c4 Nf6 4. Bg2 Bf5 5. Qb3 Qb6 6. d3 e6 7. Be3 dxc4 8. Qxc4
Qxb2 9. O-O Nd5 10. Bd4 Qxe2 11. Qb3 Nb4 12. Na3 Qxd3 13. Qb2 Qa6 14. Bxg7 Nd3
15. Qc3 Bxa3 16. Bxh8 Bb2 17. Qd2 Bxh8 18. Rad1 Bf6 19. g4 Bg6 20. Ne1 Nb2 21.
Rc1 Nd7 22. h4 O-O-O 23. h5 Bd3 24. g5 Bh8 25. Nxd3 Nxd3 26. Rcd1 N7c5 27. Qe3
Qc4 28. Rb1 Qg4 29. Qg3 Qxh5 30. Bxc6 Be5 31. Bf3 Bxg3 32. Bxh5 Bxf2+ 33. Rxf2
Nxf2 34. Kxf2 Ne4+ 35. Ke3 Nxg5 36. Rf1 f5 37. Kf4 h6 38. Ke5 Rd2 39. a4 Kd7 40.
Rc1 Ke7 41. Rc8 Rd5+ 42. Kf4 Rd4+ 43. Ke3 Rxa4 44. Rc7+ Kf6 45. Rxb7 a5 0-1

[Event "52nd Biel Master Open"]
[Site "Biel SUI"]
[Date "2019.07.24"]
[Round "3.11"]
[White "Salem, A.R. Saleh"]
[Black "Drozdowski, Kacper"]
[Result "1-0"]
[WhiteTitle "GM"]
[BlackTitle "IM"]
[WhiteElo "2672"]
[BlackElo "2485"]
[WhiteFideId "9301348"]
[BlackFideId "1136720"]
[EventDate "2019.07.22"]

1. e4 e5 2. Nf3 Nc6 3. Bb5 Nf6 4. d3 d6 5. c3 Bd7 6. O-O g6 7. Nbd2 Bg7 8. Re1
O-O 9. Ba4 Kh8 10. d4 Qe8 11. dxe5 dxe5 12. Nc4 Rd8 13. Bg5 h6 14. Bxf6 Bxf6 15.
Qc1 Kh7 16. Ne3 Be6 17. h4 Qe7 18. Bb3 Bg7 19. h5 gxh5 20. Qc2 Na5 21. Bd5 b5
22. a4 b4 23. Rad1 c6 24. Bxe6 fxe6 25. Rxd8 Rxd8 26. Rd1 Rxd1+ 27. Qxd1 bxc3
28. bxc3 Nb7 29. Nc4 Qc5 30. Qd3 Kg8 31. Nfd2 Qe7 32. Qb1 Nc5 33. a5 Kh7 34. Nf3
Qc7 35. Qc1 Qb8 36. Qe3 Nd7 37. Nfd2 Nf6 38. Qg3 Ng4 39. f3 Nf6 40. Qh3 Qe8 41.
Qh4 Qb8 42. Qh3 Qe8 43. Kf1 Nd7 44. Qh4 Bf6 45. Qh3 Bg5 46. Nd6 Qe7 47. N2c4 Nf6
48. Qg3 Bf4 49. Qf2 Qd7 50. g3 Bg5 51. Qc5 h4 52. Nxe5 Qg7 53. f4 Qf8 54. Qxa7+
Kg8 55. Qf7+ Qxf7 56. Nexf7 1-0

[Event "52nd Biel Master Open"]
[Site "Biel SUI"]
[Date "2019.07.25"]
[Round "4.2"]
[White "Brkic, Ante"]
[Black "Donchenko, Alexander"]
[Result "1/2-1/2"]
[WhiteTitle "GM"]
[BlackTitle "GM"]
[WhiteElo "2573"]
[BlackElo "2615"]
[WhiteFideId "14506688"]
[BlackFideId "24603295"]
[EventDate "2019.07.22"]

1. e4 c6 2. d4 d5 3. e5 Bf5 4. Nf3 e6 5. Be2 c5 6. Be3 Qb6 7. Nc3 Nc6 8. O-O
Qxb2 9. Qe1 cxd4 10. Bxd4 Nxd4 11. Nxd4 Bb4 12. Ndb5 Ba5 13. Rb1 Qxc2 14. Rc1
Qb2 15. Na4 Bxe1 16. Nxb2 Ba5 17. Nd6+ Kf8 18. Nxf5 exf5 19. Rc5 Bb6 20. Rxd5
Ke7 21. Rfd1 Rd8 22. Bb5 Rxd5 23. Rxd5 Nh6 24. Rd7+ Ke6 25. Rd6+ Ke7 26. Rd7+
Ke6 27. Rd6+ Ke7 28. Rd7+ 1/2-1/2

[Event "52nd Biel Master Open"]
[Site "Biel SUI"]
[Date "2019.07.25"]
[Round "4.3"]
[White "Mastrovasilis, Athanasios"]
[Black "Salem, A.R. Saleh"]
[Result "0-1"]
[WhiteTitle "GM"]
[BlackTitle "GM"]
[WhiteElo "2518"]
[BlackElo "2672"]
[WhiteFideId "4201990"]
[BlackFideId "9301348"]
[EventDate "2019.07.22"]

1. d4 Nf6 2. Nf3 g6 3. g3 Bg7 4. Bg2 O-O 5. O-O d6 6. Re1 Nbd7 7. e4 e5 8. Nc3
Re8 9. h3 a6 10. a4 b6 11. Bg5 Bb7 12. d5 Qe7 13. Nh2 Qf8 14. Ng4 Kh8 15. Nxf6
Nxf6 16. Ra3 Ng8 17. Na2 f5 18. Rf3 h6 19. Bc1 Re7 20. a5 bxa5 21. c4 Bc8 22.
Qa4 Nf6 23. Nc3 Rf7 24. exf5 gxf5 25. Qxa5 Nh7 26. Rd3 f4 27. Ne4 Bf5 28. g4 Bg6
29. Rb3 Qe7 30. Qa3 Rg8 31. f3 Qh4 32. Bd2 Ng5 33. Nxg5 hxg5 34. Re2 Rgf8 35.
Be1 Qh7 36. Qxa6 e4 37. Bc3 Bxc3 38. Rxc3 Qg7 39. Qa7 c5 40. Qb6 Qd4+ 41. Rf2 e3
42. Re2 Qd1+ 43. Bf1 Rd7 44. Qb3 Qb1 45. Rcc2 Bxc2 46. Qc3+ Kg8 47. Rxc2 Qd1 48.
Kg2 Ra7 49. Be2 Qd4 50. Qb3 Ra1 51. Qb6 Qf6 52. h4 gxh4 53. Kh3 Rh1+ 54. Kg2 Re1
55. Kh3 Rg1 56. Qc7 Qg6 57. Rc3 Rh1+ 58. Kg2 Qb1 0-1

[Event "52nd Biel Master Open"]
[Site "Biel SUI"]
[Date "2019.07.25"]
[Round "4.5"]
[White "Jumabayev, Rinat"]
[Black "Puranik, Abhimanyu"]
[Result "1/2-1/2"]
[WhiteTitle "GM"]
[BlackTitle "GM"]
[WhiteElo "2633"]
[BlackElo "2550"]
[WhiteFideId "13702661"]
[BlackFideId "5061245"]
[EventDate "2019.07.22"]

1. Nf3 Nf6 2. c4 g6 3. Nc3 c5 4. d4 cxd4 5. Nxd4 Nc6 6. g3 d6 7. Bg2 Bd7 8. O-O
Bg7 9. Nxc6 Bxc6 10. e4 O-O 11. Qe2 Nd7 12. Bd2 a6 13. Rab1 Rb8 14. Rfc1 e6 15.
b4 b6 16. Rd1 Qe7 17. Rbc1 Rfc8 18. Be1 Bb7 19. f4 Rc7 20. Qd3 Rbc8 21. Ne2 Bf8
22. a3 Bc6 23. Nc3 Bb7 24. Ne2 Bc6 25. Bf2 Ba4 26. Re1 Bg7 27. Be3 h5 28. Bf3
Qf8 29. Nd4 Nf6 30. Bd1 Bxd1 31. Rexd1 Ng4 32. Bd2 h4 33. h3 Nf6 34. g4 d5 35.
cxd5 exd5 36. Rxc7 Rxc7 37. e5 Ne4 38. Qxa6 Rc4 39. Be1 Bxe5 40. Ne2 Bg7 41.
Rxd5 Rc8 42. Bxh4 Nf6 43. Rd2 Rc6 44. Qd3 Rc8 45. f5 Qe7 46. Kg2 Qe8 47. Ng3
Qc6+ 48. Kh2 Kh7 49. Rf2 Nd7 50. Qe4 Qd6 51. Kg2 Ne5 52. fxg6+ fxg6 53. Bg5 Rc4
54. Rd2 Qc7 55. Qd5 Nxg4 56. Qd7 Ne5 57. Qxc7 Rxc7 58. Ne4 Nc4 59. Rd3 Ra7 60.
Bc1 Bh6 61. Nf6+ Kg7 62. Ne8+ Kh7 63. Nd6 Ne5 64. Rd5 Bxc1 65. Rxe5 Rxa3 66.
Re7+ Kh6 67. Rb7 Bf4 68. Ne4 Re3 1/2-1/2